000 00313nam a2200133Ia 4500
005 20251222144820.0
008 251222s9999||||xx |||||||||||||| ||spa||
020 _a950-06-2307-2
082 _a616.89/V63
100 _aVidal, Guillermo
245 0 _aPsiquiatría
264 _bMédica Panamericana
942 _cLIB
999 _c20434
_d20434